000 00728nam a2200241 a 4500
001 BRCA_5849
005 20190320205235.0
008 150311s1938----enkao#####---#000-0#eng-#
041 _aeng
044 _au
050 4 _aNK7495
_b.LL69 1
_c1938
100 1 _aLloyd, H. Alan
_914815
245 1 0 _aThe English Domestic Clock
_bits evolution and history : a brief guide ti the essential details for dating a clock
_cby H. Alan Lloyd.
260 _aLondres
_bH. A. Lloyd
_c1938
300 _a28 p.
_bil.
_c25 cm.
500 _aIncluye índice alfabético
500 _aEjemplar igual a G44
500 _aCEF42
650 1 4 _aRelojes
_zInglaterra
_914816
650 1 4 _aRelojes
_xHistoria
_914817
902 _aGFM
942 _2lcc
_cB
999 _c5538
_d5538